000 00830nam a2200181Ia 4500
008 151202s9999||||xx |||||||||||||| ||und||
082 _bPNVM-80699
100 _aचेस जेम्स हॅडली अनु. हुद्दार मुकर.
245 _aद गे्रहाऊंड मिस्ट्री.
260 _b"स्वरुपदीप प्रकाशन, सोलापूर."
260 _c2012
300 _a175
600 _aचेस जेम्स हॅडली अनु. हुद्दार मुकर.
630 _aद गे्रहाऊंड मिस्ट्री.
700 _aचेस जेम्स हॅडली अनु. हुद्दार मुकर.
730 _aद गे्रहाऊंड मिस्ट्री.
942 _cBOOK
999 _c1345307
_d1345304